Αποκλίνουσα συμπεριφορά των νέων : ο μύθος της εγκληματικότητας των νέων

Αποθηκεύτηκε σε:
Λεπτομέρειες βιβλιογραφικής εγγραφής
Κύριος συγγραφέας: Γεωργούλας, Στράτος
Μορφή: Βιβλίο
Γλώσσα:Greek
Δημοσίευση: Αθήνα : Εκρεμές, c2003.
Θέματα:
Ετικέτες: Προσθήκη ετικέτας
Δεν υπάρχουν, Καταχωρήστε ετικέτα πρώτοι!

MARC

LEADER 00000cam a2200000 i 4500
001 1/50015
008 040304s2003 gr | ||| |||| ||gre||
020 |a 9608758300  
035 |l 10072510 
040 |a GR-MyUa  |b gre  |e AACR2 
041 0 |a gre 
082 7 |a 364.36   |2 (21) 
100 1 |a Γεωργούλας, Στράτος. 
245 1 0 |a Αποκλίνουσα συμπεριφορά των νέων :   |b ο μύθος της εγκληματικότητας των νέων /   |c Στράτος Γεωργούλας.  
260 |a Αθήνα :   |b Εκρεμές,   |c c2003.  
300 |a 305 σ. ;   |c 24 εκ. 
504 |a Βιβλιογραφία: σ. 280-305. 
650 0 |a Juvenile delinquency  |x Prevention. 
650 0 |a Juvenile delinquents. 
650 0 |a Juvenile delinquents  |x Rehabilitation. 
852 |a INST  |b CHIOS  |e 20131127  |h 364.36 ΓΕΩ  |p 005200037067  |q 005200037067  |t BK  |y 0 
852 |a INST  |b LESVOS  |e 20040304  |h 364.36 ΓΕΩ  |p 005100030876  |q 005100030876  |t BK  |y 0 
852 |a INST  |b LESVOS  |e 20110328  |h 364.36 ΓΕΩ  |p 005100049233  |q 005100049233  |t BK  |y 0 
852 |a INST  |b LESVOS  |e 20110328  |h 364.36 ΓΕΩ  |p 005100049234  |q 005100049234  |t BK  |y 0 
852 |a INST  |b LESVOS  |e 20110328  |h 364.36 ΓΕΩ  |p 005100049235  |q 005100049235  |t BK  |y 0 
852 |a INST  |b RHODES  |e 20131216  |h 364.36 ΓΕΩ  |p 005400035925  |q 005400035925  |t BK  |y 0 
852 |a INST  |b SAMOS  |e 20150710  |h 364.36 ΓΕΩ  |p 005300042403  |q 005300042403  |t BK  |y 0 
852 |a INST  |b SYROS  |e 20131211  |h 364.36 ΓΕΩ  |p 005500011173  |q 005500011173  |t BK  |y 0 
901 |a BIBL5-2013-1 
901 |a BIBL1-2004-1 
901 |a BIBL1-2011-1 
901 |a BIBL2-2013-3 
901 |a BIBL4-2013-3 
970 |a Τζαφέρη  |b Ευαγγελία  |z 04/03/2004